Редкие минералы в Якутии / (Record no. 275341)
[ view plain ]
| 000 -LEADER | |
|---|---|
| fixed length control field | 01008nam a2200241 a 4500 |
| 001 - CONTROL NUMBER | |
| control field | 000744939 |
| 003 - CONTROL NUMBER IDENTIFIER | |
| control field | AM-YeHGA |
| 005 - DATE AND TIME OF LATEST TRANSACTION | |
| control field | 20250617143446.0 |
| 008 - FIXED-LENGTH DATA ELEMENTS--GENERAL INFORMATION | |
| fixed length control field | 100621s1984 ||| r 000 0 rus d |
| 040 ## - CATALOGING SOURCE | |
| Original cataloging agency | AM-YeHGA |
| 041 0# - LANGUAGE CODE | |
| Language code of text/sound track or separate title | rus |
| 090 ## - LOCALLY ASSIGNED LC-TYPE CALL NUMBER (OCLC); LOCAL CALL NUMBER (RLIN) | |
| -- | 276987 |
| 245 00 - TITLE STATEMENT | |
| Title | Редкие минералы в Якутии / |
| Statement of responsibility, etc. | [К. А. Лазебник, Г. Н. Гамянин, А. В. Округин и др.; Редкол.: К. А. Лазебник (отв. ред.) и др.]. |
| 260 ## - PUBLICATION, DISTRIBUTION, ETC. | |
| Place of publication, distribution, etc. | Якутск : |
| Name of publisher, distributor, etc. | ЯФ СО АН СССР, |
| Date of publication, distribution, etc. | 1984. |
| 300 ## - PHYSICAL DESCRIPTION | |
| Extent | 106 с. |
| 500 ## - GENERAL NOTE | |
| General note | В надзаг.: АН СССР, Сиб. отд-ние, Якут. фил., Ин-т геологии, Всесоюз. минерал. о-во, Якут. отд-ние |
| 500 ## - GENERAL NOTE | |
| General note | Авт. указаны на обороте тит. л. |
| 504 ## - BIBLIOGRAPHY, ETC. NOTE | |
| Bibliography, etc. note | Библиогр.: с. 100-105 |
| 653 0# - INDEX TERM--UNCONTROLLED | |
| Uncontrolled term | Минералы |
| 700 1# - ADDED ENTRY--PERSONAL NAME | |
| Personal name | Лазебник, К.А. |
| 700 1# - ADDED ENTRY--PERSONAL NAME | |
| Personal name | Гамянин, Г.Н. |
| 700 1# - ADDED ENTRY--PERSONAL NAME | |
| Personal name | Округин, А.В. |
| Withdrawn status | Lost status | Damaged status | Not for loan | Collection | Home library | Current library | Date acquired | Cost, normal purchase price | Total checkouts | Full call number | Barcode | Date last seen | Price effective from | Koha item type | Public note |
|---|---|---|---|---|---|---|---|---|---|---|---|---|---|---|---|
| General | Fundamental Scientific Library | Fundamental Scientific Library | 29/12/2016 | 7000.00 | PII/536179 | FL0158043 | 29/12/2016 | 29/12/2016 | Գրքեր / Books | 30 Days Loan |
ՀՀ Գիտությունների ազգային ակադեմիայի հիմնարար գիտական գրադարան = Fundamental Scientific Library of NAS RA
All site content, except where otherwise noted, is licensed under a